000 00604nam a2200205Ia 4500
003 OSt
005 20250308115102.0
008 210210b2004 xxu||||| |||| 00| 0 eng d
040 _cAL
041 _aKannada
082 _a398.2K VIJP
100 _aVIJAY PUNACHCHA TAMBAMDA.
_dವಿಜಯ್ ಪೂಣಚ್ಚತಂಬಂಡ
_9205168
245 _aPalame
_bಪಳಮೆ
260 _aHampi
_bPrasaranga Kannada Vishvavidyalaya
_c2004
300 _axii,162
650 _aKannada Janapada Kodava Janapada Tulu Janapada
_9205169
690 _aFolklore
_9205170
906 _aSG04720
942 _2ddc
_cSG
999 _c115652
_d115652